| 000 | 00457nam a22001817a 4500 | ||
|---|---|---|---|
| 003 | LK-CoDNM | ||
| 005 | 20250120113554.0 | ||
| 008 | 250120b |||||||| |||| 00| 0 eng d | ||
| 040 |
_aLK-CoDNM _dLK-CoDNM _eLK-CoDNM |
||
| 041 |
_aeng _hSinhala |
||
| 080 |
_a11 _bU23 |
||
| 100 | _aPepoon H.S. | ||
| 245 | _aAn Annotated Flora Of The Chicago Area | ||
| 260 |
_aChicago _c1927 |
||
| 300 | _axxii, 544p. ; ill , 21 cm | ||
| 650 | _aScience | ||
| 942 | _cBK | ||
| 999 |
_c236996 _d236996 |
||